Integración de niños discapacitados a la educación común
| Autor principal: | |
|---|---|
| Formato: | Libro |
| Lenguaje: | español |
| Publicado: |
Santiago de Chile :
UNESCO,
1991
|
| Materias: |
MARC
| LEADER | 00000nam a2200000Ia 4500 | ||
|---|---|---|---|
| 008 | 180403b1991 cl ||||| |||| 00| | spa d | ||
| 999 | |c 1678 |d 1678 | ||
| 090 | |a 06.03.03 |b 313 | ||
| 100 | 1 | |a Van Steenlandt, Danielle |9 3512 | |
| 245 | 1 | 0 | |a Integración de niños discapacitados a la educación común |
| 260 | |a Santiago de Chile : |b UNESCO, |c 1991 | ||
| 300 | |a 118 páginas | ||
| 650 | 1 | 4 | |a EDUCACIÓN ESPECIAL |9 817 |
| 650 | 1 | 4 | |a FORMACIÓN DE DOCENTES |9 9 |
| 650 | 1 | 4 | |a PERSONAS CON DISCAPACIDAD |9 1369 |
| 650 | 1 | 4 | |a INTEGRACIÓN ESCOLAR |9 2135 |
| 942 | |i 00439 |h 06.03.03 313 |2 z |c 01 | ||
